1233 1969 1846 1611 1550 1455 1559 1984 1466 1377 1639 1028 1209 1670 1658 1493 1181 1241 1061 1416 1106 1970 1529 1029 1398 1482 1341 1172 1891 1481 1867 1438 1436 1075 1533 1108 1362 1305 1031 1888 1741 1467 1881 1632 1482 1319 1086 1396 1437 1020 1964 1610 1207 1216 1250 1669 1473 1073 1775 1125 1818 1606 1201 1428 1474 1609 1578 1763 1133 1024 1082 1375 1829 1911 1153 1862 1479 1876 1469 1319 1752 1380 1146 1115 1121 1664 1834 1760 1486 1267 1706 1611 1595 1866 1790 1007 1113 1873 1530 BCNSPRNW ULIB Ver.6.0+V

เปลี่ยนเป็นภาษาไทย

Change to English
 แสดงรายละเอียดบรรณานุกรม
  กลับหน้าหลัก

Brief Record : Get Marc (ISO 2709) : E-mail record : QR code < ปิดหน้าต่าง
LEADER : 00000nam 2200000uu 4500
001    13399111657
003     ULIB
008    110627s||||||||th 000 0 tha d
020    9786165000345
090    นว.^bณ429ต 2553
100 0  ณารา
245 00 ตราบสิ้นสิเน่หา/^cณารา
250    พิมพ์ครั้งที่ 2
260    กรุงเทพฯ :^bพิมพ์คำ,^c2553
300    488 หน้า
945    ^p290^l0^i028054
995    ทศพร
999 ^a ใช้งานได้ทุกระบบ
รายการนี้ยังไม่มีแท็ก
คุณยังไม่ได้ล็อกอิน คุณสามารถมีกิจกรรมร่วมกับเว็บไซต์ได้ แต่ต้องล็อกอินก่อน ::
  ล็อกอิน

รายการสื่อสารสนเทศ

ลำดับที่ ประเภท เลขเรียก/บาร์โค้ด สถานที่ สถานะ
1. นวนิยาย
นวนิยาย
นว. ณ429ต 2553 ฉ.1 
  Barcode: 028054
ห้องสมุดวิทยาเขตสวรรค์ประชารักษ์
►นวนิยาย
ถูกยืม กำหนดส่งวันที่ 9 ธันวาคม 2559
  จอง

รายการใกล้เคียง
    ผู้แต่ง [ณารา]

BibComment


ยังไม่เคยถูกคอมเมนท์

คอมเมนท์ทรัพยากรรายการนี้
  คอมเมนท์: ตราบสิ้นสิเน่หา ณ..


 Copyright 2026. Bcnsprnw @Library